Rozšírenie kamerového systému v Krompachoch

Bibliographic Details
Main Author: Zavadová, Silvia (Author)
Format: Article
Language:Slovak
PhysicalDescription:Fotogr.
ISSN:1339-0368
Subjects:

MARC

LEADER 00000nab a2200000 ar4500
001 vtls010634165
003 SK-MaSNL
005 20260305040117.0
008 141107c20131220xo mr|p|||||||000 b|slo
038 |a SNSK 
040 |b slo  |c SNSK  |e AACR2 
041 |a slo 
044 |a xo  |c SK 
080 |a 681.772.7  |x (437.6)  |2 2001 
080 |a 343.85  |2 2001 
100 1 |a Zavadová, Silvia  |4 aut  |9 1619474 
245 1 0 |a Rozšírenie kamerového systému v Krompachoch  |c Silvia Zavadová 
300 |b Fotogr. 
650 0 7 |a prevencia kriminality  |2 snsk  |9 2696 
650 0 7 |a finančné dotácie  |2 snsk  |9 50038 
650 0 7 |a bezpečnostný kamerový systém  |2 snsk  |9 1619476 
650 0 7 |a kamerový systém  |x monitoring mesta  |2 snsk  |9 1054205 
651 7 |a Krompachy (Slovensko)  |2 snsk  |9 43389 
651 7 |a Spišská Nová Ves (Slovensko : okres)  |2 snsk  |9 22259 
773 0 |t Krompašský spravodajca  |g Roč. 23, č. [12] (20. december 2013), s. 3  |x 1339-0368 
852 |a SNSK  |b KIS3GCP 
999 |c 3336739  |d 3338669